Airline Tail Logos Quiz - Statistics

General Stats
  • This quiz has been taken 319 times
  • The average score is 9 of 12
Answer Stats
Picture Answer % Correct
Delta
97%
United
94%
Southwest
90%
American
86%
British Airways
83%
Lufthansa
83%
Air France
79%
Ryanair
74%
Aeroflot
72%
Tui
61%
Eurowings
47%
Condor
38%
No matching quizzes found
Score Distribution
Percent of People with Each Score
Percentile by Number Answered
Your Score History
You have not taken this quiz